Guess the Random Countries with no Hints - Statistics

General Stats
  • This quiz has been taken 30 times
  • The average score is 4 of 15
Answer Stats
Answer % Correct
Canada
74%
New Zealand
58%
Austria
42%
Ecuador
37%
Haiti
37%
Indonesia
32%
Syria
32%
Latvia
26%
Palau
21%
Zambia
21%
Belgium
16%
Gambia
16%
Mauritania
11%
Montenegro
5%
Myanmar
5%
No matching quizzes found
Score Distribution
Percent of People with Each Score
Percentile by Number Answered
Your Score History
You have not taken this quiz